000 00677nam a2200205Ia 4500
003 GCL
008 140319s9999 xx 000 0 ara d
040 _aGCL /
_cGCL
082 0 4 _aق
_b962.074
_bى ا
100 1 _aيوسف عفيفى
245 1 0 _aابطال الفرقة 19 مقاتلون فوق العادة /
_cيوسف عفيفى
260 _aالقاهرة :
_bدار الصفوة للنشر والتوزيع
300 _a312 ص
650 0 4 _aالعصر الحديث
650 0 4 _aالاسلحة
650 0 4 _aالعمليات الحربية
650 0 4 _aحرب اكتوبر 1973
650 0 4 _aمصر - تاريخ - العصر الحديث
942 _2ddc
_cBK
999 _c55109
_d55109